00883 2200313 4500001002100000005001500021035002000036007000300056008004100059020002200100082001700122084001900139100003900158245004800197250003100245300003100276650002000307264003700327336002100364337003000385338002300415040002200438090002300460090002200483850001200505041000800517999002200525990002200547INLIS00000000084694520200214090118 a0010-0519000280ta190508s2017 yoi g p ind d a978-602-371-446-904223a899.2211 a899.2211 LAI s0 aLailatul Hotimahd1992-ePengarang14aSyair sang anak manusia /cLailatul Hotimah aCetakan pertama, Juli 2017 aviii, 103 halaman ;c19 cm 4aPuisi Indonesia aYogyakarta :bLeutikaprio,c2017 2rdacontentateks 2rdamediaatanpa perantara 2rdacarrieravolume aYOPDYOGbinderda aDEP 899.2211 LAI s aCB-D.11 2017-3031 aYOPDYOG0 aind aCB-D.11/2017-3031 aCB-D.11/2017-3031